| 000 | 00398nam a22001697a 4500 | ||
|---|---|---|---|
| 003 | macl | ||
| 005 | 20151003095242.0 | ||
| 008 | 151003b xxu||||| |||| 00| 0 eng d | ||
| 040 | _cmacl | ||
| 041 | _aEnglish | ||
| 082 | _a910/NU | ||
| 100 |
_aNupur _99079 |
||
| 245 | _aGlorious Indian Forts | ||
| 260 |
_aAllahabad _bAprajita Publications _c2008 |
||
| 650 |
_aTravel _913215 |
||
| 942 |
_2ddc _cBK |
||
| 999 |
_c50336 _d50336 |
||